| 000 | 00507nam a22001937a 4500 | ||
|---|---|---|---|
| 003 | OSt | ||
| 005 | 20220107122732.0 | ||
| 008 | 140405b xxu||||| |||| 00| 0 eng d | ||
| 020 | _a9789350235218 | ||
| 040 | _cIIITM-K | ||
| 082 | _a006.76D NOR/P | ||
| 100 |
_aNordin, Dani _93510 |
||
| 245 |
_aPlanning and managing Drupal projects _cby Dani Nordin |
||
| 260 |
_aMumbai, _bO'Reilly, _c2011. |
||
| 300 | _ax, 84p. | ||
| 650 |
_aCONTENT MANAGEMENT SYSTEM _93511 |
||
| 650 |
_aDRUPAL _93512 |
||
| 942 |
_2ddc _cBK |
||
| 999 |
_c3677 _d3677 |
||